1537 1577 1439 1422 1661 1095 1727 1494 1744 1607 1549 1109 1939 1298 1910 1602 1920 1916 1089 1145 1451 1582 1854 1283 1578 1279 1575 1779 1080 1195 1413 1436 1976 1692 1691 1815 1076 1319 1473 1527 1493 1178 1194 1581 1035 1264 1573 1781 1053 1614 1309 1886 1826 1315 1808 1350 1649 1367 1486 1117 1725 1969 1083 1846 1222 1882 1888 1916 1972 1012 1073 1079 1892 1565 1395 1899 1064 1417 1617 1285 1722 1370 1933 1322 1517 1684 1698 1312 1209 1967 1559 1725 1732 1771 1403 1188 1222 1734 1844 BCNSPRNW ULIB Ver.6.0+V

เปลี่ยนเป็นภาษาไทย

Change to English
 แสดงรายละเอียดบรรณานุกรม
  กลับหน้าหลัก

Brief Record : Get Marc (ISO 2709) : E-mail record : QR code < ปิดหน้าต่าง
LEADER : 00000nam 2200000uu 4500
001    13399114598
003     ULIB
008    110627s2550||||th 000 0 tha d
090    นว.^b
100 0  เมแกน วาเลน เทอร์เนอร์
245 00 ราชินีแห่งแอตโกเลีย/^cเมแกน วาเลน เทอร์เนอร์
260    กรุงเทพฯ :^bอัมรินทร์,^c2550
710 1  อัมรินทร์
945    ^p0^l0^i022053
995    ทศพร
999 ^a ใช้งานได้ทุกระบบ
รายการนี้ยังไม่มีแท็ก
คุณยังไม่ได้ล็อกอิน คุณสามารถมีกิจกรรมร่วมกับเว็บไซต์ได้ แต่ต้องล็อกอินก่อน ::
  ล็อกอิน

รายการสื่อสารสนเทศ

ลำดับที่ ประเภท เลขเรียก/บาร์โค้ด สถานที่ สถานะ
1. นวนิยาย
นวนิยาย
นว. ฉ.1 
  Barcode: 022053
ห้องสมุดวิทยาเขตสวรรค์ประชารักษ์
►นวนิยาย
บนชั้น
  ขอยืม

รายการใกล้เคียง
    ผู้แต่ง [เมแกน วาเลน เทอร์เนอร์]

BibComment


ยังไม่เคยถูกคอมเมนท์

คอมเมนท์ทรัพยากรรายการนี้
  คอมเมนท์: ราชินีแห่งแอตโกเล..


 Copyright 2026. Bcnsprnw @Library